000 00648nam a22002411 4500
001 18483
003 BD-RjUL
005 20211209000307.0
008 140220s1961 hiua 000 0ceng
035 _a(BD-RjUL)18541
035 _a(OCoLC)322976
040 _aDLC
_cODaWU
_dBD-RjUL
_beng
041 _aeng
082 _a928.914
_bSAW 1961
110 2 _aSahitya Akademi.
_956949
245 1 0 _aWho's who of Indian writers /
_cSahitya Akademi
260 _aHonolulu :
_bEast-West Center Press,
_cc1961.
300 _a410 p.
_c22 cm.
650 0 _aAuthors, Indic.
_956946
942 _2ddc
_cBK
999 _c18483
_d18483